00962 2200349 4500001002100000005001500021035002000036007000300056008004100059040001700100100003000117245005100147250001000198300003100208020002200239041000800261082000800269084001400277090001800291260003500309264004000344264004000384336002100424337003000445338002300475850001000498650001600508990002200524990002200546990002200568990002200590INLIS00000000000434820260527010335 a0010-1121000115ta260527 0  aSBPUPADbind0 aBambang Oeban,ePengarang1 aMeneladani Akhlak Rasulullah /cBambang Oeban, aCet.1 a32 hlm. :bIlus ;c25,5 cm a978-979-063-775-70 aind a372 a372 BAM m a300 TIM m 6-3 aJakarta :bCikal Aksara,c2009 aJakarta Timur :bZikrul Kids,c2013 aJakarta Timur :bZikrul Kids,c2013 2rdacontentaTeks 2rdamediaaTanpa Perantara 2rdacarrieravolume aPUPAD 4aCerita Nabi a35.202/S/DPK/2021 a24.769/B/DPK/2017 a24.768/B/DPK/2017 a24.770/B/DPK/2017